Carregant...
The Oxford book of American verse
| Autor principal: | |
|---|---|
| Format: | Printed Book |
| Idioma: | English |
| Publicat: |
New York :
OUP ,
c1971.
|
| LEADER | 00387nam a22001217a 4500 | ||
|---|---|---|---|
| 008 | 170522b xxu||||| |||| 00| 0 eng d | ||
| 100 | |a Matthiessen, F.O | ||
| 245 | |a The Oxford book of American verse | ||
| 260 | |a New York : |b OUP , |c c1971. | ||
| 300 | |b 1132p. | ||
| 942 | |c BK | ||
| 999 | |c 200150 |d 200150 | ||
| 952 | |0 0 |1 0 |4 0 |7 0 |9 221527 |a ENG |b ENG |c ST1 |d 2017-05-22 |i 14013 |l 0 |p ENG14013 |r 2017-05-22 |w 2017-05-22 |y BK | ||